| 000 | 03937nam a2200445 a 4500 | ||
|---|---|---|---|
| 005 | 20060825080501.0 | ||
| 008 | 060302s2006 nyu 000 1 eng | ||
| 010 | _aB-269493-509, B-284180 | ||
| 020 |
_a9780552155472 _c£ 3.25 (273.00), 289.25 |
||
| 035 | _aB-269493-509, B-284180 | ||
| 040 |
_adpl _bEnglish |
||
| 082 | _a823.92 | ||
| 100 | _aAli, Monica | ||
| 245 |
_aAlentejo blue / _cby Monica Ali. |
||
| 260 |
_aLondom _bBlack Swan _c2007 |
||
| 300 |
_a301 p. _c18 cm (pbk) |
||
| 651 |
_aPortugal _xSocial life and customs _vFiction. |
||
| 856 |
_3Publisher description _uhttp://www.loc.gov/catdir/enhancements/fy0643/2006042380-d.html |
||
| 856 |
_3Sample text _uhttp://www.loc.gov/catdir/enhancements/fy0661/2006042380-s.html |
||
| 942 |
_2ddc _cEN _h823.92 _mALI |
||
| 999 |
_c16128 _d16128 |
||